| 000 | 03704nab a22007337 4500 | ||
|---|---|---|---|
| 003 | AR-RoUNA | ||
| 022 | _a0327-9022 | ||
| 040 |
_aAR-RoUNA _bspa |
||
| 041 | _aspa | ||
| 044 | _aag | ||
| 245 |
_aSumma+ / _bGrandes Techos / Grandes Contenedores |
||
| 260 |
_aBuenos Aires (Argentina): _cDonn SA, _b1993. |
||
| 300 |
_a132 p. : _bil. byn. _bplanos _c34X25 cm. |
||
| 505 | 0 | _tINDICE | |
| 505 | 0 | _tGRANDES TECHOS, GRANDES CONTENEDORES, Fernando Diez. p. 1 | |
| 505 | 0 | _tCARTELERA | |
| 505 | 0 | _tA CUBIERTA, Valeria Matayoshi. p. 8 | |
| 505 | 0 | _tTECHO SERPENTEANTE | |
| 505 | 0 | _aSANAA / Grace Farms / New Canaan Connecticurt, Estados Unidos, 2015. p. 10 | |
| 505 | 0 | _tVACÍO INTERIOR | |
| 505 | 0 | _aIsay Weinfeld / Fazenda Boa Vista-Clubhouse Centro Ecuentre, Puerto Feliz, San Pablo, Brasil, 2012. p. 24 | |
| 505 | 0 | _tSABERES POPULARES REINTERPRETADOS | |
| 505 | 0 | _aRosenbaum + Aleph Zero / Residencia para estudiantes / Fundación Bradiesco, Formoso Do Araguaia, Tocantis, Brasil, 2017. p. 28 | |
| 505 | 0 | _tDIMENSIONES DE LO GRANDE, Anibal Parodi Rebella. p. 40 | |
| 505 | 0 | _tINEVITABLE ESCALA, Martín Di Peco. p. 48 | |
| 505 | 0 | _tLA MUJER ARTIFICIAL | |
| 505 | 0 | _aMalca Mizrahi / Sobre Zaha Hadid y El Riverside Museum. p. 50 | |
| 505 | 0 | _tLA MUJER ARTIFICIAL | |
| 505 | 0 | _aSobre Zaha Hadid y El Riverside Museum / Malca Mizrahi. p. 50 | |
| 505 | 0 | _tFFF (FORN FOLLOWS FICTION), Fernando Diez. p. 52 | |
| 505 | 0 | _aZaha Hadid / Riverside Museum, Glasgow, Escocia, 2011. p. 55 | |
| 505 | 0 | _tSOBRIEDAD Y ELEGANCIA | |
| 505 | 0 | _aAlberto Campo Baeza / Pabellón Polideportivo y Aulario de la Universidad Francisco de Vittoria, Pozuelo de Alarcón, Madrid, España, 2017. p. 64 | |
| 505 | 0 | _tLÓGICA CONSTRUCTIVA | |
| 505 | 0 | _aEstudio ASZ y Estudio MZM / Hangar 5, Aerolíneas Argentinas, Planta Industrial Ezeiza, 2016. p. 76 | |
| 505 | 0 | _tESPACIOS ENSAMBLADOS, Gustavo Alonso Serafin. p. 84 | |
| 505 | 0 | _tCONTENER LA ARQUITECTURA | |
| 505 | 0 | _aMarcos Polchowski / Marq - Pabellón Ternium Siderar, Recoleta, CABA, Argentina, 2016. p. 88 | |
| 505 | 0 | _tBRILLANDO CON LUZ PROPIA | |
| 505 | 0 | _aMetro / Nueva Casa Triángulo, San Pablo, Brasil, 2016. p. 92 | |
| 505 | 0 | _tCUBIERTAS COMUNITARIAS | |
| 505 | 0 | _aNadia Valenzuela Flores / Centro Comunitario y Unidad deportiva El Povorín, Zapopán, Jalisco, México, 2017. p. 96 | |
| 505 | 0 | _tLA SEGUNDA VIDA DE LAS CIUDADES, Eduardo Prieto. p. 100 | |
| 505 | 0 | _tCONTENEDORES DE LO DOMÉSTICO, Magdalena Tagliabue. p. 108 | |
| 505 | 0 | _aPKMN / Casa MJE, Asturias, Espña, 2014. p. 108 | |
| 505 | 0 | _aNormal / Casa CP, Buenos Aires, Argentina, 2016. p. 110 | |
| 505 | 0 | _aRuetemple / Gorki, Moscú, Rusia, 2016. p. 112 | |
| 505 | 0 | _aElll / 097 Yojigen Poketto, Madrid, España, 2017. p. 114 | |
| 505 | 0 | _aNew Affiliates / Bed- Study Loft, Nueva York, Estados Unidos, 2017. p. 116 | |
| 505 | 0 | _tRaúl Sánchez / Dúplex Tibbaut, Barcelona, España, 2017. p. 118 | |
| 505 | 0 | _tCAPAS DE TIEMPO Y SENTIDO | |
| 505 | 0 | _tEL MÉTODO TROILO, Mario Sabugo. p. 123 | |
| 505 | 0 | _tSOMBRAS Y MALESTAR DE LA MODERNIDAD, Ruth Verde Zein. p. 124 | |
| 505 | 0 | _tLA ARQUITECTURA, ¿JUEGO SABIO, CORRECTO Y MAGNÍFICO DE LOS VOLÚMENES BAJO LA LUZ?, Rafael E. J. Iglesia. p. 126 | |
| 505 | 0 | _tPUERTA URBANA | |
| 505 | 0 | _tLA PANZA DE LA VIRGEN, Roberto Fernández. p. 131 | |
| 505 | 0 | _tEL NUEVO CÓDIGO URBANÍSTICO DE BUENOS AIRES, Augusto Penedo. p. 132 | |
| 650 | _2Arquitectura conteporánea | ||
| 773 | 0 |
_aSumma+ _dBuenos Aires, Argentina _gNº164 (jun; 2018), p. 132 _x0327-9022 |
|
| 908 | _aImp | ||
| 942 |
_2udc _cART |
||
| 945 | _d2022-07-08 | ||
| 980 |
_6138 _aCarolina Rainero _8138 _gCarolina Rainero |
||
| 999 |
_c12322 _d12322 |
||